Raising authority standards (Record no. 74943)

MARC details
000 -LEADER
fixed length control field 01074cam a2200217 4500
001 - CONTROL NUMBER
control field ABS68851
008 - FIXED-LENGTH DATA ELEMENTS--GENERAL INFORMATION
fixed length control field 050317n2005 000 0 eng u
035 ## - SYSTEM CONTROL NUMBER
System control number (Sirsi) u129098
100 ## - MAIN ENTRY--PERSONAL NAME
Personal name Dewar, D.
245 ## - TITLE STATEMENT
Title Raising authority standards
260 ## - PUBLICATION, DISTRIBUTION, ETC.
Date of publication, distribution, etc. 2005
490 ## - SERIES STATEMENT
Series statement Planning (for the Natural and Built Environment)
Volume/sequential designation (1609) 4 March 2005, 8(1)
520 ## - SUMMARY, ETC.
Summary, etc. Reports on the key messages from ODPM's "An overview of the evaluation of planning standards authorities 2003-04", based on research carried out between October 2003 and May 2004. The vast majority of standards authorities have improved their performance in processing planning applications but many are still missing key targets with several still severely underachieving. Tables cover targets met by standards authorities in 2003-04 and key factors in improved performance.
590 ## - LOCAL NOTE (RLIN)
Local note ABS
650 ## - SUBJECT ADDED ENTRY--TOPICAL TERM
Topical term or geographic name entry element LOCAL AUTHORITIES
650 ## - SUBJECT ADDED ENTRY--TOPICAL TERM
Topical term or geographic name entry element PLANNING APPLICATIONS
650 ## - SUBJECT ADDED ENTRY--TOPICAL TERM
Topical term or geographic name entry element PERFORMANCE
650 ## - SUBJECT ADDED ENTRY--TOPICAL TERM
Topical term or geographic name entry element TARGETS
690 ## - LOCAL SUBJECT ADDED ENTRY--TOPICAL TERM (OCLC, RLIN)
Topical term or geographic name as entry element ENVIRONMENTAL AND LAND CONSULTANCY-PLANNING AND DEVELOPMENT
942 ## - ADDED ENTRY ELEMENTS (KOHA)
Suppress in OPAC 0
Holdings
Withdrawn status Lost status Source of classification or shelving scheme Damaged status Not for loan Home library Current library Shelving location Date acquired Total Checkouts Full call number Barcode Date last seen Copy number Price effective from Koha item type
    Dewey Decimal Classification     London London Journal article 17/03/2005   ABS68851 129098-1001 06/08/2019 1 06/08/2019 Journal article